000 00266nam a2200097Ia 4500
008 220204s9999 xx 000 0 und d
082 _a354.42(036)
_bPOS
245 0 _aPost and telegraph guide. Part I
260 _bDirector General of Posts and Telegraphs
942 _cBK
999 _c19846
_d19846